000 00889nam a2200277 c 4500
999 _c344226
_d344226
003 BLK
005 20200428161832.0
008 180911b bul|||||r ||||||| ||bul||
010 _a003891
040 _aBLK
041 _aSLS
_cBUL
080 _z808.67-02
100 1 _aPATA, Josef
_eпърви автор
_9399966
245 0 0 _aSpisovny jazyk bulharsky
260 _aPraha
_c1937
300 _a21 с
_c24 см
380 _a9
490 _aЧастна колекция - Академик Михаил Арнаудов
_gДарение - Основен фонд
500 _aАвтограф с текст: Pann prof. M. Arnaudovu s pratelsku upominku Jos. Pata Praha. 1/10 37.;
501 _aExtr. Slovanske spisovne jazyk : 1937. - с. 217-238.
520 _a
650 _aИстория
_9399967
655 _aбългарско езикознание
_9396216
700 1 _aJosef Pata
_9399968
852 _aМА 3750
942 _cKNG
_n0
_s1
944 _aCR
_c1994
999 _d344226
999 _d344226
999 _d344226